000 00354 a2200157 4500
001 10073
020 _a9788516057305
040 _cAnchieta - Aquarius
100 _aAzevedo, Ricardo
240 1 0 _a!Cultura da terra
_lpor
245 1 0 _a!Cultura da terra
300 _a
362 0 _a2008
650 4 _aFolclore / Adivinhações / Lendas
942 _cBK
999 _c10073
_d10073